| 000 | 00000nam##2200000za#4500 |
| 001 | 9.699178 |
| 003 | CaOODSP |
| 005 | 20210625000250 |
| 007 | cr ||||||||||| |
| 008 | 150407|1994||||xxc|||||o f|0| 0 eng|d |
| 040 | |aCaOODSP|beng |
| 043 | |an-cn--- |
| 086 | 1 |aEn108-4/66-1994E-PDF |
| 110 | 1 |aCanada.|bCanadian Council of Ministers of the Environment. |
| 245 | 10|aNational action plan to encourage municipal water use efficiency / |h[electronic resource]|cprepared by the CCME Water Use Efficiency Task Group. |
| 260 | |aOttawa - Ontario : |bCanadian Council of Ministers of the Environment |c[1994]. |
| 300 | |a11p.|btables |
| 500 | |a"Approved by the Canadian Council of Ministers of the Environment, May 31, 1994"--Page 11. |
| 590 | |a14-21-Supp|b2014-12-11 |
| 690 | 07|aMunicipalities|2gcpds |
| 690 | 07|aWater conservation|2gcpds |
| 775 | 08|tPlan d'action national pour encourager l'économie d'eau potable dans les municipalités / |w(CaOODSP)9.643293 |
| 856 | 40|ahttp://publications.gc.ca|qPDF|s86 KB|uhttps://publications.gc.ca/collections/collection_2014/ec/En108-4-66-1994-eng.pdf |